Ľudské práva v rozšírenej Európskej únii - Charta základných práv
Štáty Európskej únie a nástroje ochrany ľudských práv. Európska charta základných práv (Nice, 2000) - dôležitý krok k vytvoreniu jednotnej politiky EÚ v oblasti ľudských práv. Zmluva o ústave pre Európu, podpísaná 29. októbra 2004 v Ríme priznáva Charte právnu záväznosť. Prínos Charty - katalogizuje...
Na minha lista:
| Autor principal: | |
|---|---|
| Outros Autores: | |
| Formato: | Capítulo de Livro |
| Idioma: | eslovaco |
| Assuntos: | |
| Tags: |
Sem tags, seja o primeiro a adicionar uma tag!
|
MARC
| LEADER | 00000naa$a2200000$$$4500 | ||
|---|---|---|---|
| 001 | 0037131 | ||
| 005 | 20240502071454.9 | ||
| 041 | 0 | |a slo | |
| 044 | |a SK | ||
| 245 | 1 | 0 | |a Ľudské práva v rozšírenej Európskej únii - Charta základných práv |c Viera Koganová, Soňa Brezníková |
| 520 | |a Štáty Európskej únie a nástroje ochrany ľudských práv. Európska charta základných práv (Nice, 2000) - dôležitý krok k vytvoreniu jednotnej politiky EÚ v oblasti ľudských práv. Zmluva o ústave pre Európu, podpísaná 29. októbra 2004 v Ríme priznáva Charte právnu záväznosť. Prínos Charty - katalogizuje práva, ktoré boli už deklarované v iných dokumentoch a rozvíja nové práva príznačné pre nadnárodné zoskupenia. | ||
| 610 | 2 | 0 | |a Európska únia |
| 610 | 2 | 0 | |a práva ľudské |
| 610 | 2 | 0 | |a ochrana právna |
| 610 | 2 | 0 | |a charta |
| 100 | 1 | |a Koganová, Viera | |
| 700 | 1 | |a Brezníková, Soňa | |